Loading...

Medieval Europe 400-1500/

Bibliographic Details
Main Author: Koenigsberger H G
Format: Printed Book
Published: New York: Longman, 1997.
Subjects:
LEADER 00548nam a22001571a 4500
020 |a 9780582494039 
082 |a 940.1  |b KOE/M 
100 |a Koenigsberger H G  |9 135382 
245 |a Medieval Europe 400-1500/  |c by Koenigsberger H G 
260 |a New York:  |b Longman,  |c 1997. 
300 |a 401p. 
650 |a History Medieval Europe  |9 135383 
650 |a History  |9 135384 
942 |c BK 
999 |c 28501  |d 28501 
952 |0 0  |1 0  |4 0  |6 940_100000000000000_KOE_M  |7 0  |9 41082  |a SSUS  |b SSUS  |d 2015-01-08  |g 1436.52  |l 6  |o 940.1 KOE/M  |p 028870  |r 2017-01-18  |s 2017-01-16  |v 0.00  |w 2015-01-08  |y BK